000 00319nam a22001337a 4500
008 210707s2014 xx 000 0 und d
041 _aeng
082 _a052 IC
100 _aMathew, Suresh
245 _aIndian Currents
260 _bIndian Currents.,
_c2014
650 _aSocial Science
906 _aIndian Currents
999 _c179890
_d179890